005690000a220009700045001000035000002450034000353000050000695000028001195200275001477730049004221 aVélez White, Cecilia María10aUn camino hacia el desarrollo aVol.0, núm.2 ( Mayo-Junio,2004) Página 20 aMinistra de Educación ael Gobierno Nacional le ha planteado al país una Revolución Educativa, definida como la pimera de las herramientas de equidad social y basada en tres ejes fundamentales : el aumento de la cobertura, el mejoramiento de la calidad y la eficiencia del sector educativo.0 tEducación superior : Boletín informativo